000 00962cam a2200277 i 4500
001 bg
003 KOSZ 005
005 20190903133310.0
008 990203s1999 pl a f |000 0 pol
015 _aPB 1999/1182
020 _a8301126973
040 _aWA N
_cKOSZ 005/HR
_dKOSZ 005/HR
080 _a631.6
080 _a631.17
245 0 0 _aAgrotechnologia :
_bpraca zbiorowa /
_cpod red. Jana Banasiaka ; aut. Jan Banasiak [et al.].
260 _aWarszawa ;
_aWrocław :
_bWydaw. Naukowe PWN,
_c1999.
300 _a482, [2] s. :
_brys., wykr. ;
_c24 cm.
504 _aBibliogr. s. 479-482.
650 4 _aRolnictwo
_xmechanizacja.
655 4 _aPodręczniki akademickie
650 4 _aAgrotechnika
700 1 _aBanasiak, Jan
_d(1939- ).
_eRed.
710 2 _aWydawnictwo Naukowe PWN
_4pbl.
856 _uhttp://koha.tu.koszalin.pl/cgi-bin/koha/opac-detail.pl?biblionumber=40732
_yKatalog online BPK
942 _2UKD
_cKS
999 _c40732
_d40732